000 00467nab a2200145Ia 4500
003 ES-SlBCS
005 20210601125228.0
008 140529s1971 xxu||||| |||| 00| 0 eng d
041 _aeng
100 1 _aHodges, Donald Clark
_9155534
245 0 0 _aPresupposition of a Definition of Moral Progress
_c Donald Clark Hodges
650 0 4 _aProgreso Moral
_9151805
773 0 _tPhilosophy and Phenomenological Research
_gvol. 31, 1971, págs. 440-443
_wRev1411
942 _cAR
999 _c526863
_d526863